Marketing geography, with special reference to retailing / (Record no. 18027)
[ view plain ]
| 000 -LEADER | |
|---|---|
| fixed length control field | 00855 am a2200253ui 4500 |
| 001 - CONTROL NUMBER | |
| control field | 012687122 |
| 005 - DATE AND TIME OF LATEST TRANSACTION | |
| control field | 20140302113454.0 |
| 008 - FIXED-LENGTH DATA ELEMENTS--GENERAL INFORMATION | |
| fixed length control field | 760806t1976 xxka grb 001 0 eng d |
| 020 ## - INTERNATIONAL STANDARD BOOK NUMBER | |
| International Standard Book Number | 0905269004 |
| 040 ## - CATALOGING SOURCE | |
| Original cataloging agency | Uk |
| Transcribing agency | Uk |
| 043 ## - GEOGRAPHIC AREA CODE | |
| Geographic area code | e-uk--- |
| 082 04 - DEWEY DECIMAL CLASSIFICATION NUMBER | |
| Classification number | 381.0941 |
| Edition number | 22 |
| Item number | DAV |
| 100 1# - MAIN ENTRY--PERSONAL NAME | |
| Personal name | Davies, Ross L. |
| Fuller form of name | (Ross Llewelyn) |
| 9 (RLIN) | 35017 |
| 245 10 - TITLE STATEMENT | |
| Title | Marketing geography, with special reference to retailing / |
| Statement of responsibility, etc | Ross L. Davies. |
| 260 ## - PUBLICATION, DISTRIBUTION, ETC. (IMPRINT) | |
| Place of publication, distribution, etc | Corbridge, United Kingdom : |
| Name of publisher, distributor, etc | Retailing and Planning Associates, |
| Date of publication, distribution, etc | c.1976. |
| 300 ## - PHYSICAL DESCRIPTION | |
| Extent | xiv, 300 p. : |
| Other physical details | ill ; |
| Dimensions | 23 cm. |
| 500 ## - GENERAL NOTE | |
| General note | Includes indexes. |
| 504 ## - BIBLIOGRAPHY, ETC. NOTE | |
| Bibliography, etc | Include bibliographical references. |
| 650 #0 - SUBJECT ADDED ENTRY--TOPICAL TERM | |
| Topical term or geographic name as entry element | Marketing |
| Geographic subdivision | Great Britain |
| 9 (RLIN) | 35015 |
| 650 #0 - SUBJECT ADDED ENTRY--TOPICAL TERM | |
| Topical term or geographic name as entry element | Central business districts |
| Geographic subdivision | Great Britain |
| 9 (RLIN) | 35016 |
| 653 ## - INDEX TERM--UNCONTROLLED | |
| Resource For college | BAEPS, Business Administration |
| Arrived date list | February2014 |
| 655 ## - INDEX TERM--GENRE/FORM | |
| Form subdivision | |
| -- | 34232 |
| 942 ## - ADDED ENTRY ELEMENTS (KOHA) | |
| Source of classification or shelving scheme | Dewey Decimal Classification |
| Call number prefix | 381.0941 DAV |
| Withdrawn status | Item status | Source of classification or shelving scheme | Damaged status | Not for loan | Vendor | Home library | Current library | Shelving location | Date acquired | Source of acquisition | Total Checkouts | Full call number | Barcode | Date last seen | Koha item type |
|---|---|---|---|---|---|---|---|---|---|---|---|---|---|---|---|
| Dewey Decimal Classification | Donation-Gift | Central Library | Central Library | First floor | 04/02/2014 | Donation | 381.0941 DAV | 000035581 | 15/07/2025 | Book - Borrowing |